Nghiên cứu sự sinh trưởng và phát triển của thực vật thân gỗ là thức ăn của Vọoc chà vá chân nâu (Pygathrix nemaeus) tại khu bảo tồn thiên nhiên Sơn Trà – thành phố Đà Nẵng
Xác định thành phần loài thực vật thân gỗ là thức ăn của Voọc chà vá chân nâu tại khu vực nghiên cứu. Nghiên cứu về sinh trưởng, phát triển của thực vật thân gỗ thông qua vật hậu học (lá non, hoa, quả) trong sự tương quan với các yếu tố môi trường như nhiệt độ, lượng mưa.....
Wedi'i Gadw mewn:
| Prif Awdur: | |
|---|---|
| Awduron Eraill: | |
| Fformat: | Llyfr |
| Iaith: | Vietnamese |
| Cyhoeddwyd: |
Đà Nẵng
Đại học Đà Nẵng
2015
|
| Pynciau: | |
| Tagiau: |
Ychwanegu Tag
Dim Tagiau, Byddwch y cyntaf i dagio'r cofnod hwn!
|
| Thư viện lưu trữ: | Mạng thư viện Đại học Đà Nẵng |
|---|
| LEADER | 02077nam a2200385 4500 | ||
|---|---|---|---|
| 001 | 000023831 | ||
| 003 | 20284 | ||
| 005 | 20160329100318.0 | ||
| 008 | 160316s2015 viesd | ||
| 041 | |a vie | ||
| 082 | 1 | 4 | |a 582.16 |b ĐÔ-Â |
| 100 | 1 | |a Đỗ Lê Ân | |
| 245 | 1 | |a Nghiên cứu sự sinh trưởng và phát triển của thực vật thân gỗ là thức ăn của Vọoc chà vá chân nâu (Pygathrix nemaeus) tại khu bảo tồn thiên nhiên Sơn Trà – thành phố Đà Nẵng |c Đỗ Lê Ân ; Hà Thăng Long hướng dẫn. |k Luận văn Thạc sĩ | |
| 260 | |a Đà Nẵng |b Đại học Đà Nẵng |c 2015 | ||
| 300 | |a 86 tr. ; phụ lục 15 tr. |b Hình ảnh mh. |c 29 cm. |e Tóm tắt | ||
| 500 | |a Luận văn thạc sĩ Khoa học. Chuyên ngành: Sinh thái học. Mã số: 60.42.60 | ||
| 520 | 3 | |a Xác định thành phần loài thực vật thân gỗ là thức ăn của Voọc chà vá chân nâu tại khu vực nghiên cứu. Nghiên cứu về sinh trưởng, phát triển của thực vật thân gỗ thông qua vật hậu học (lá non, hoa, quả) trong sự tương quan với các yếu tố môi trường như nhiệt độ, lượng mưa.. | |
| 650 | 0 | 4 | |a Thực vật thân gỗ |v Luận văn tốt nghiệp |x Thức ăn của voọc chà vá |x Nghiên cứu |z Đà Nẵng |
| 653 | |a Thực vật thân gỗ | ||
| 653 | |a Thức ăn | ||
| 653 | |a Sinh thái học | ||
| 653 | |a Voọc Chà Vá | ||
| 653 | |a Khu bảo tồn thiên nhiên Sơn Trà | ||
| 653 | |a Voọc Chân Nâu | ||
| 700 | 1 | |a Hà Thăng Long |c TS. |e Hướng dẫn | |
| OWN | |a LSP | ||
| AVA | |a UDN50 |b LSP |d 582.16 ĐÔ-Â |e available |t Error 5001 Not defined in file expand_doc_bib_avail. |f 1 |g 0 |h N |i 0 |k 1 | ||
| 999 | |a From the UDN01 | ||
| AVA | |a UDN50 |b LSP |d 582.16 ĐÔ-Â |e available |t Error 5001 Not defined in file expand_doc_bib_avail. |f 1 |g 0 |h N |i 0 |k 1 | ||
| TYP | |a Monograph | ||
| TYP | |a Printed language | ||
| 980 | |a Mạng thư viện Đại học Đà Nẵng | ||